Hindu speaks on scientific facts Vol 1 (Record no. 240623)

MARC details
000 -LEADER
fixed length control field 01355nam a22002657a 4500
005 - DATE AND TIME OF LATEST TRANSACTION
control field 20251104102704.0
008 - FIXED-LENGTH DATA ELEMENTS--GENERAL INFORMATION
fixed length control field 251031b |||||||| |||| 00| 0 eng d
020 ## - INTERNATIONAL STANDARD BOOK NUMBER
International Standard Book Number 9789387791114
040 ## - CATALOGING SOURCE
Transcribing agency AL
041 ## - LANGUAGE CODE
Language code of text/sound track or separate title eng
082 ## - DEWEY DECIMAL CLASSIFICATION NUMBER
Classification number 070.172
Item number HINH
100 ## - MAIN ENTRY--PERSONAL NAME
Personal name Hindu
100 ## - MAIN ENTRY--PERSONAL NAME
9 (RLIN) 243727
245 ## - TITLE STATEMENT
Title Hindu speaks on scientific facts Vol 1
260 ## - PUBLICATION, DISTRIBUTION, ETC.
Place of publication, distribution, etc. Chennai
Name of publisher, distributor, etc. THG Publishing Private Limited
Date of publication, distribution, etc. 2022
300 ## - PHYSICAL DESCRIPTION
Extent xx,356p
Other physical details PB
Dimensions 21.5x14cm
365 ## - TRADE PRICE
Source of price type code Chemistry
Price type code 695-2025/26
Price amount ₹160.00
Currency code
Unit of pricing ₹200.00
Price note 20%
Price effective from 07-10-2025
440 ## - SERIES STATEMENT/ADDED ENTRY--TITLE
Number of part/section of a work Vol 1
9 (RLIN) 243372
Title The Hindu series
520 ## - SUMMARY, ETC.
Summary, etc. The Hindu Speaks On Scientific Facts, This volume of 356 pages is a compilation of 365 selective questions and answers classified under ten sections which were published under the feature Question Corner, since 1995, in the Science and Technology supplement pages of The Hindu. The questions that appear in this compilation are mostly general and will provide the students in the school and college level to reflect upon and embark on pursuing scientific inquiries as a hobby. This will help to spread the scientific interest to reach a wider circle of our readers.
650 ## - SUBJECT ADDED ENTRY--TOPICAL TERM
Topical term or geographic name entry element Earth Science
9 (RLIN) 243348
650 ## - SUBJECT ADDED ENTRY--TOPICAL TERM
Topical term or geographic name entry element Life Sciences
9 (RLIN) 243349
650 ## - SUBJECT ADDED ENTRY--TOPICAL TERM
Topical term or geographic name entry element Physical Sciences
9 (RLIN) 243350
650 ## - SUBJECT ADDED ENTRY--TOPICAL TERM
Topical term or geographic name entry element Applied Sciences
9 (RLIN) 243351
700 ## - ADDED ENTRY--PERSONAL NAME
Personal name Ravi, N Ed
9 (RLIN) 243365
942 ## - ADDED ENTRY ELEMENTS (KOHA)
Source of classification or shelving scheme Dewey Decimal Classification
Koha item type Book
Holdings
Withdrawn status Lost status Source of classification or shelving scheme Damaged status Not for loan Collection code Home library Current library Shelving location Date acquired Source of acquisition Cost, normal purchase price Total Checkouts Full call number Barcode Date last seen Date last checked out Cost, replacement price Price effective from Koha item type
    Dewey Decimal Classification     Chemistry St Aloysius Library St Aloysius Library Stack Section 10/29/2025 THG Publishing Private Limited 160.00 1 070.172 HINH 077936 06/04/2026 03/27/2026 200.00 10/07/2025 Book